00949nam a22002417 450000100100000000500170001000800410002704000300006804100380009808200190013610000290015524501430018426000440032730000340037150000240040565000310042965000330046070000400049391000280053304900090056195201220057099900150069200000825720200929161323.0910612s1913 sp 001 0 spa d aDO-SdBNPcDLCdDLCdBNPHU17aspahpor2Código de idioma MARC a869.141bC185L1 aCamoens, Luis de,92238314aLos Lusíadas :bpoema epico en diez cantos /cLuis de Camoens ; Traducido en verso castellano del portugués por Luis Gómez de Tapia. aBarcelona :bMontaner y Simón,c1913. a304, [1] p. :bill. ;c24 cm. aEdición ilustrada 4aPoesía portuguesa915081 4aLiteratura portuguesa9129521 aGómez de Tapia, Luis,etr.922384 aCatalogación derivada aBNGR 001052708MOaGRbGRcCTd2009-09-15iLF1l0o869.141 C185Lp8257-10r2020-06-25w2020-06-25y2ZPréstamo interno c8028d8028